Highway safety, 2012 : traffic law enforcement, alcohol, occupant protection, motorcycles, and trucks.

"The Transportation Research Record: Journal of the Transportation Research Board, No. 2281 consists of 16 papers that explore the move over law, spatial effectiveness of speed feedback signs, automated section speed enforcement systems, risks of apprehension for speeding in Norway, effects of...

Full description

Bibliographic Details
Corporate Author: National Research Council (U.S.). Transportation Research Board
Format: Book
Language:English
Published: Washington, D.C. : Transportation Research Board, 2012.
Series:Transportation research record ; 2281.
Subjects:
Online Access:http://trb.metapress.com/content/m12535gn1414/?p=01499d96577e49cea3af7f37653d92fc&pi=4
http://www.trb.org/Main/Blurbs/167995.aspx

MARC

Tag First Indicator Second Indicator Subfields
LEADER 00000cam a2200000Ia 4500
001 in00002784723
005 20151202172123.0
008 121105s2012 dcuad b 100 0 eng d
020 |a 9780309223201 
020 |a 0309223202 
035 |a (OCoLC)ocn815961101 
040 |a TRL  |b eng  |c TRL  |d FDA  |d CDT  |d TXA  |d UtOrBLW 
049 |a TXAM 
090 |a TE7  |b .H5 no.2281 
245 0 0 |a Highway safety, 2012 :  |b traffic law enforcement, alcohol, occupant protection, motorcycles, and trucks. 
264 1 |a Washington, D.C. :  |b Transportation Research Board,  |c 2012. 
300 |a 132 pages :  |b illustrations, charts ;  |c 28 cm. 
336 |a text  |b txt  |2 rdacontent 
337 |a unmediated  |b n  |2 rdamedia 
338 |a volume  |b nc  |2 rdacarrier 
490 1 |a Transportation research record,  |x 0361-1981 ;  |v no. 2281 
500 |a "Journal of the Transportation Research Board." 
500 |a "A peer-reviewed publication." 
504 |a Includes bibliographical references. 
505 0 |a The Move Over Law: Effect of Emergency Vehicle Lighting on Driver Compliance on Florida Freeways -- Spatial Effectiveness of Speed Feedback Signs -- Safety Evaluation of Automated Section Speed Enforcement System -- Actual and Perceived Risks of Apprehension for Speeding In Norway --- Effects of Alcohol on Speeding and Road Positioning of Young Drivers: Driving Simulator Study -- Influence of Cannabis on Fatal Traffic Crashes : Detailed Analysis --Child Car Restraints: Mandating Type and Seating Row According to Age with Positive Effect in Regional City in Queensland, Australia -- Sensitivity Study of Jordan Rollover System and Unconstrained Model: Sensitivity at Varying Test Bed Mass and Yaw Angles -- Numerical Investigation of Knee-Thigh-Hip Injures in Frontal Vehicle Collisions -- Describing Non-Lane-Based Motorcycle Movements in Motorcycle-Only Traffic Flow -- Moped Rider Violation Behavior and Moped Safety at Intersections in China -- Characteristics of Injuries in Motorcycle-to-Barrier Collisions in Maryland -- Safety Benefits of Stability Control Systems for Tractor-Semitrailers Estimated with Hardware-in-the-Loop Simulation -- Wireless Roadside Inspection of Commercial Motor Vehicles: Pilot Test of Technical System Performance -- Effects of Hours of Service and Driving Patterns on Motor Carrier Crashes -- Commercial Driver Factors in Run-off-Road Crashes. 
520 |a "The Transportation Research Record: Journal of the Transportation Research Board, No. 2281 consists of 16 papers that explore the move over law, spatial effectiveness of speed feedback signs, automated section speed enforcement systems, risks of apprehension for speeding in Norway, effects of alcohol on speeding and road positioning, influence of cannabis on fatal traffic crashes, child car restraints, the Jordan rollover system, and knee-thigh-hip injuries in frontal vehicle collisions. This issue of the TRR also examines non-lane-based motorcycle movements, moped rider violation behavior and moped safety at intersections in China, characteristics of injuries in motorcycle-to-barrier collisions, safety benefits of stability control systems for tractor-semitrailers, wireless roadside inspection of commercial motor vehicles, effects of hours of service and driving patterns on motor carrier crashes, and commercial driver factors in run-off-road crashes."--pub. desc. 
650 0 |a Traffic safety. 
650 0 |a Motor vehicles  |x Safety measures. 
650 0 |a Automobiles  |x Safety measures. 
650 7 |a Traffic law enforcement.  |2 trt 
650 7 |a Highway safety.  |2 trt 
710 2 |a National Research Council (U.S.).  |b Transportation Research Board. 
830 0 |a Transportation research record ;  |v 2281. 
856 4 1 |a Individual reports available at:  |u http://trb.metapress.com/content/m12535gn1414/?p=01499d96577e49cea3af7f37653d92fc&pi=4  |t 0 
856 4 1 |u http://www.trb.org/Main/Blurbs/167995.aspx  |t 0 
948 |a cataloged  |b h  |c 2012/12/17  |d c  |e ceaton  |f 1:29:09 pm 
994 |a C0  |b TXA 
999 |a MARS 
999 f f |s bfa3b655-33c4-39be-aa0b-85b0df9727dc  |i 09fd2a7e-d88f-319b-8ec6-40530f833df9  |t 0 
952 f f |p ric  |a Texas A&M University  |b Rellis Campus  |c Joint Library Facility  |d Remote Storage  |t 0  |e TE7 .H5 no.2281  |h Library of Congress classification  |i unmediated -- volume  |m A14841624161 
998 f f |a TE7 .H5 no.2281  |t 0  |l Remote Storage